Largest Cities in the Americas Beginning With Q, X, Y or Z - Statistics

General Stats
  • This quiz has been taken 64 times
  • The average score is 4 of 18
Answer Stats
# Population Country Answer % Correct
1 2,825,000 Ecuador Quito
100%
3 880,875 Canada Québec
79%
2 1,690,000 Mexico Querétaro
56%
4 789,157 Mexico Xalapa
48%
6 405,285 Mexico Zacatecas - Guadelupe
31%
5 464,640 United States York
25%
8 180,706 Guatemala Quetzaltenango
21%
14 125,706 United States Yuba City
17%
10 164,900 Colombia Yopal
13%
12 133,145 United States Yakima
10%
7 273,641 Mexico Zamora
10%
9 177,792 Ecuador Quevedo
8%
15 121,700 Colombia Quibdó
8%
16 109,400 Argentina Zárate
6%
13 131,900 Colombia Zipaquirá
6%
11 151,779 Chile Quillota
4%
17 100,200 Venezuela Yaritagua
0%
18 94,400 Colombia Yumbo
0%
No matching quizzes found
Score Distribution
Percent of People with Each Score
Percentile by Number Answered
Your Score History
You have not taken this quiz